00515nam a22001457a 4500082002800000100002700028245008000055260004500135300001300180526003700193650001300230942001200243999001900255952009500274 a625.73bMAJcL-15, P-23 aMajgaonkar, V.K943142 aRoads and earthwork engineering in questions and answers /cV.K, Majgaonkar aPoona :bUnited Book Corporation,c1952. a295 p. : a0b0c0d625_730000000000000_MAJ aMCE9379 2ddccBK c547456d547456 00102ddc4070aMCEbMCEd2014-07-17l0o625.73 MAJpMCE-6998r2014-07-17w2014-07-17yBK